000 00422nam a2200181Ia 4500
001 11561
005 20260306162837.0
008 260306t2001||||xx |||||||||||||| ||spa||
041 _aESP
082 _a985.09
_bL539
100 _aLexus Editores
_eAUT
245 0 _aGrandes forjadores del Perú
260 _c2001
300 _a448 páginas :
_c27 cm.
650 _aGEN
654 _aCHU
942 _cLIB
_dJUS
_fJUS
_2ddc
_n
999 _c11561
_d11561